[Event "SWE-chT2 0910"]
[Site "Sweden"]
[Date "2010.02.27"]
[Round "6"]
[White "Mansson, Peter"]
[Black "Svensson, Sven"]
[Result "1/2-1/2"]
[WhiteElo "2068"]
[BlackElo "2238"]
[PlyCount "81"]
[EventDate "2009.10.24"]
[EventType "team"]
[EventRounds "9"]
[EventCountry "SWE"]
[SourceTitle "EXT 2011"]
[Source "ChessBase"]
[SourceDate "2010.11.26"]
[SourceVersion "1"]
[SourceVersionDate "2010.11.26"]
[SourceQuality "1"]
[WhiteTeam "En Passant"]
[BlackTeam "Mark"]
[WhiteTeamCountry "SWE"]
[BlackTeamCountry "SWE"]

1. e4 e5 2. Nf3 Nc6 3. Bc4 Bc5 4. b4 Bb6 5. a4 a6 6. Bb2 d6 7. d4 exd4 8. Nxd4 Qf6 9. c3 Qg6 10. 0-0 Ne5 11. Be2 Bh3 12. Bf3 Nf6 13. Kh1 Bd7 14. a5 Ba7 15. Nf5 Bb5 16. c4 Nxc4 17. Bd4 Bxd4 18. Qxd4 Ne5 19. Rc1 Bc6 20. Nc3 Rd8 21. b5 axb5 22. Rab1 Rd7 23. Nxb5 0-0 24. Nxc7 Nxf3 25. gxf3 Qh5 26. Qc3 Rxc7 27. Nxg7 Qe5 28. Qxe5 dxe5 29. Rg1 Kh8 30. Rb4 Rg8 31. Nf5 Rxg1+ 32. Kxg1 Bd7 33. Nd6 Bh3 34. Rb1 Bc8 35. a6 b6 36. a7 Rxa7 37. Nxc8 Ra3 38. Nxb6 Rxf3 39. Kg2 Rc3 40. f3 Nh5 41. Nd5 1/2-1/2

[Event "EU-chT Seniors 12th"]
[Site "Dresden"]
[Date "2010.02.17"]
[Round "8"]
[White "Pamperin, Gerhard"]
[Black "Svensson, Sven"]
[Result "0-1"]
[WhiteElo "2007"]
[BlackElo "2004"]
[PlyCount "126"]
[EventDate "2010.02.10"]
[EventType "team-swiss"]
[EventRounds "9"]
[EventCountry "GER"]
[SourceTitle "CBM 134 Extra"]
[Source "ChessBase"]
[SourceDate "2010.03.03"]
[SourceVersion "1"]
[SourceVersionDate "2010.03.03"]
[SourceQuality "1"]
[WhiteTeam "Mecklenburg Vorpommern Seniors II"]
[BlackTeam "Sweden (Seniors) IV"]
[WhiteTeamCountry "GER"]
[BlackTeamCountry "SWE"]

1. d4 d5 2. c4 c6 3. e3 Nf6 4. Nc3 e6 5. Nf3 Nbd7 6. cxd5 exd5 7. Bd3 Bd6 8. 0-0 0-0 9. b3 Re8 10. Bb2 Ne4 11. Rc1 Ndf6 12. h3 Nxc3 13. Bxc3 Ne4 14. Bb2 Qf6 15. Ne5 Qh6 16. f4 f6 17. Bxe4 dxe4 18. Ng4 Qh4 19. Qe1 Qh5 20. Qd1 Qa5 21. Qc2 Bd7 22. Bc3 Qh5 23. Qd1 Qf7 24. Bb2 Be6 25. Nf2 Bd5 26. Qg4 a5 27. Nd1 a4 28. bxa4 Bxa2 29. Nc3 Bc4 30. Rf2 f5 31. Qg5 Re6 32. Rd2 Rg6 33. Qh4 Bb4 34. Ra1 Bb3 35. a5 Rh6 36. Qg5 Rg6 37. Qh4 Qc7 38. Qh5 Rxa5 39. d5 Rxa1+ 40. Bxa1 cxd5 41. Qxf5 Bxc3 42. Rxd5 Rf6 43. Qh5 Bxd5 44. Qxd5+ Rf7 45. Bxc3 Qxc3 46. Qxe4 Qc6 47. Qe5 Kf8 48. g4 Qe8 49. Qd4 Rd7 50. Qc3 Qd8 51. Kf2 Rd2+ 52. Kg3 Rd3 53. Qe5 h6 54. h4 Kg8 55. Qe6+ Kh8 56. g5 Qd7 57. Qe5 h5 58. f5 Qd6 59. Qxd6 Rxd6 60. e4 b5 61. e5 Rd4 62. Kf3 Kg8 63. e6 Kf8 0-1

[Event "EU-chT Seniors 12th"]
[Site "Dresden"]
[Date "2010.02.15"]
[Round "6"]
[White "Salov, Sergej"]
[Black "Svensson, Sven"]
[Result "1/2-1/2"]
[WhiteElo "2276"]
[BlackElo "2004"]
[PlyCount "49"]
[EventDate "2010.02.10"]
[EventType "team-swiss"]
[EventRounds "9"]
[EventCountry "GER"]
[SourceTitle "CBM 134 Extra"]
[Source "ChessBase"]
[SourceDate "2010.03.03"]
[SourceVersion "1"]
[SourceVersionDate "2010.03.03"]
[SourceQuality "1"]
[WhiteTeam "Schleswig Holstein Seniors"]
[BlackTeam "Sweden (Seniors) IV"]
[WhiteTeamCountry "GER"]
[BlackTeamCountry "SWE"]

1. e4 e5 2. Nf3 Nc6 3. Bb5 a6 4. Ba4 Nf6 5. 0-0 Nxe4 6. d4 b5 7. Bb3 d5 8. dxe5 Be6 9. Nbd2 Nc5 10. c3 Be7 11. Bc2 0-0 12. Re1 d4 13. cxd4 Nxd4 14. Nxd4 Qxd4 15. Qe2 Rad8 16. Nf3 Qg4 17. b3 Kh8 18. h3 Qh5 19. Bb2 Bd5 20. Nd4 Qg5 21. Qg4 Qxg4 22. hxg4 Ne6 23. Nf5 Bc5 24. Rad1 Bb7 25. Kf1 1/2-1/2

[Event "EU-chT Seniors 12th"]
[Site "Dresden"]
[Date "2010.02.11"]
[Round "2"]
[White "Walther, Diethelm"]
[Black "Svensson, Sven"]
[Result "0-1"]
[WhiteElo "2154"]
[BlackElo "2004"]
[PlyCount "78"]
[EventDate "2010.02.10"]
[EventType "team-swiss"]
[EventRounds "9"]
[EventCountry "GER"]
[SourceTitle "CBM 134 Extra"]
[Source "ChessBase"]
[SourceDate "2010.03.03"]
[SourceVersion "1"]
[SourceVersionDate "2010.03.03"]
[SourceQuality "1"]
[WhiteTeam "Rheno Palatinat (Seniors)"]
[BlackTeam "Sweden (Seniors) IV"]
[WhiteTeamCountry "GER"]
[BlackTeamCountry "SWE"]

1. d4 Nf6 2. Bg5 d5 3. Nd2 Nbd7 4. e3 h6 5. Bf4 e6 6. Bd3 c5 7. c3 Be7 8. Qf3 g5 9. Be5 Nxe5 10. dxe5 Nd7 11. Qg3 Rg8 12. h4 g4 13. h5 Qc7 14. f4 c4 15. Bc2 Bc5 16. 0-0-0 b5 17. Ne2 b4 18. Rh4 f5 19. exf6 Nxf6 20. Bg6+ Ke7 21. e4 Qb6 22. e5 Nd7 23. Rxg4 Bf2 24. Qh3 Rb8 25. Nf1 bxc3 26. Qxc3 Ba6 27. Rd2 Nc5 28. Qa3 Kd7 29. Kb1 Nd3 30. Nc3 Bc5 31. Qa4+ Kc7 32. Qc2 Nxb2 33. Ka1 Qa5 34. Rg3 Nd3 35. Nd1 Bd4+ 36. Nb2 Rxb2 37. Qxb2 Bxb2+ 38. Rxb2 Nxb2 39. Kxb2 Rb8+ 0-1

[Event "EU-chT Seniors 12th"]
[Site "Dresden"]
[Date "2010.02.10"]
[Round "1"]
[White "Svensson, Sven"]
[Black "Meier, Wolfgang"]
[Result "1/2-1/2"]
[WhiteElo "2004"]
[BlackElo "2199"]
[PlyCount "89"]
[EventDate "2010.02.10"]
[EventType "team-swiss"]
[EventRounds "9"]
[EventCountry "GER"]
[SourceTitle "CBM 134 Extra"]
[Source "ChessBase"]
[SourceDate "2010.03.03"]
[SourceVersion "1"]
[SourceVersionDate "2010.03.03"]
[SourceQuality "1"]
[WhiteTeam "Sweden (Seniors) IV"]
[BlackTeam "Dresden Lokomotiv (Seniors)"]
[WhiteTeamCountry "SWE"]
[BlackTeamCountry "GER"]

1. d4 Nf6 2. c4 g6 3. Nc3 d5 4. cxd5 Nxd5 5. e4 Nxc3 6. bxc3 Bg7 7. Bc4 c5 8. Ne2 0-0 9. 0-0 Nc6 10. Be3 Qc7 11. Rc1 Rd8 12. Bf4 Be5 13. Bxe5 Nxe5 14. Bb3 Ng4 15. Ng3 Qf4 16. h3 Nf6 17. Re1 e5 18. d5 Ne8 19. Re3 Nd6 20. Qe1 Bd7 21. Nf1 b5 22. Nd2 a5 23. Qf1 Rac8 24. g3 Qg5 25. Kh2 Qe7 26. f4 f6 27. Rce1 Rf8 28. Rf3 Kg7 29. Qf2 a4 30. Bd1 Rf7 31. Kg2 Be8 32. Qe3 h6 33. Ref1 Qd8 34. g4 g5 35. fxe5 fxe5 36. Rxf7+ Bxf7 37. Rf2 Bg6 38. Bc2 Qe7 39. Qe2 Rf8 40. Bd3 b4 41. cxb4 cxb4 42. Qf1 Rf4 43. Rxf4 gxf4 44. Qe1 Nf7 45. Nf3 1/2-1/2

[Event "SWE-chT2 0910"]
[Site "Sweden"]
[Date "2010.01.16"]
[Round "4"]
[White "Arnelind, Mikael"]
[Black "Svensson, Sven"]
[Result "1/2-1/2"]
[WhiteElo "2181"]
[BlackElo "2238"]
[PlyCount "114"]
[EventDate "2009.10.24"]
[EventType "team"]
[EventRounds "9"]
[EventCountry "SWE"]
[SourceTitle "EXT 2011"]
[Source "ChessBase"]
[SourceDate "2010.11.26"]
[SourceVersion "1"]
[SourceVersionDate "2010.11.26"]
[SourceQuality "1"]
[WhiteTeam "Orgryte"]
[BlackTeam "Mark"]
[WhiteTeamCountry "SWE"]
[BlackTeamCountry "SWE"]

1. d4 Nf6 2. c4 e6 3. Nc3 Bb4 4. e3 0-0 5. Nf3 d5 6. Bd3 c5 7. 0-0 Nc6 8. a3 Bxc3 9. bxc3 dxc4 10. Bxc4 Qc7 11. Qc2 e5 12. Bd3 Re8 13. dxe5 Nxe5 14. Nxe5 Qxe5 15. f3 Bd7 16. e4 c4 17. Be2 Qc5+ 18. Kh1 b5 19. Bd2 Bc6 20. Qc1 Nd7 21. Ra2 f5 22. Be3 Qe7 23. Bg5 Qe6 24. exf5 Qxf5 25. Qf4 Qxf4 26. Bxf4 Nc5 27. Kg1 Rad8 28. Kf2 Nd3+ 29. Bxd3 Rxd3 30. Rc1 Kf7 31. Re2 Rxe2+ 32. Kxe2 a6 33. Be5 Bd7 34. Bd4 g5 35. h3 h5 36. Rf1 Bf5 37. Rf2 Kg6 38. g4 Bc8 39. Rg2 hxg4 40. hxg4 Bb7 41. Rf2 a5 42. Be5 b4 43. cxb4 Rxa3 44. b5 Rb3 45. f4 gxf4 46. Rxf4 Rxb5 47. Bc3 Rd5 48. Rf6+ Kg5 49. Rf5+ Rxf5 50. gxf5 a4 51. f6 Bd5 52. Bb2 Kf4 53. Kd2 Ke4 54. Kc3 Bf7 55. Kb4 Kd3 56. Kxa4 c3 57. Bxc3 Kxc3 1/2-1/2

[Event "SWE-chT 0809"]
[Site "Sweden"]
[Date "2009.01.17"]
[Round "6"]
[White "Svensson, Sven"]
[Black "Andersson, Bjorn"]
[Result "1/2-1/2"]
[WhiteElo "2285"]
[BlackElo "2338"]
[PlyCount "40"]
[EventDate "2008.10.25"]
[EventType "team-tourn"]
[EventRounds "11"]
[EventCountry "SWE"]
[SourceTitle "EXT 2011"]
[Source "ChessBase"]
[SourceDate "2010.11.26"]
[SourceVersion "1"]
[SourceVersionDate "2010.11.26"]
[SourceQuality "1"]

1. d4 Nf6 2. c4 g6 3. Nc3 Bg7 4. Nf3 0-0 5. Bg5 d6 6. e3 h6 7. Bh4 Nbd7 8. Qc2 c6 9. Rd1 Re8 10. Be2 e5 11. 0-0 Qe7 12. dxe5 dxe5 13. Nd2 Nf8 14. Bxf6 Bxf6 15. Nde4 Bf5 16. Qb3 Rab8 17. Nxf6+ Qxf6 18. Qa3 Qe7 19. Qxe7 Rxe7 20. Rd6 Rd7 1/2-1/2

[Event "SWE-chT 0708"]
[Site "Sweden"]
[Date "2008.03.08"]
[Round "10"]
[White "Marttala, Thomas"]
[Black "Svensson, Sven"]
[Result "1/2-1/2"]
[WhiteElo "2272"]
[BlackElo "2279"]
[PlyCount "31"]
[EventDate "2007.10.19"]
[EventType "team"]
[EventRounds "11"]
[EventCountry "SWE"]
[SourceTitle "EXT 2009"]
[Source "ChessBase"]
[SourceDate "2008.11.26"]
[SourceVersion "1"]
[SourceVersionDate "2008.11.26"]
[SourceQuality "1"]
[WhiteTeam "Upsala"]
[BlackTeam "Skara"]
[WhiteTeamCountry "SWE"]
[BlackTeamCountry "SWE"]

1. Nf3 Nf6 2. c4 e6 3. g3 c5 4. Bg2 Nc6 5. 0-0 d5 6. d3 Be7 7. Na3 0-0 8. b3 b6 9. Bb2 Bb7 10. Nc2 Qc7 11. cxd5 Nxd5 12. Rc1 Rfd8 13. Qd2 Bf6 14. Ne3 Qe7 15. Nxd5 Rxd5 16. Bxf6 1/2-1/2

[Event "SWE-chT 0708"]
[Site "Sweden"]
[Date "2008.02.02"]
[Round "7"]
[White "Madebrink, Lars"]
[Black "Svensson, Sven"]
[Result "0-1"]
[WhiteElo "2259"]
[BlackElo "2279"]
[PlyCount "94"]
[EventDate "2007.10.19"]
[EventType "team"]
[EventRounds "11"]
[EventCountry "SWE"]
[SourceTitle "EXT 2009"]
[Source "ChessBase"]
[SourceDate "2008.11.26"]
[SourceVersion "1"]
[SourceVersionDate "2008.11.26"]
[SourceQuality "1"]
[WhiteTeam "Kamraterna"]
[BlackTeam "Skara"]
[WhiteTeamCountry "SWE"]
[BlackTeamCountry "SWE"]

1. c4 Nf6 2. Nc3 c5 3. Nf3 e6 4. d4 d5 5. cxd5 Nxd5 6. e4 Nxc3 7. bxc3 cxd4 8. cxd4 Bb4+ 9. Bd2 Bxd2+ 10. Qxd2 0-0 11. Be2 b6 12. 0-0 Bb7 13. Qf4 Nc6 14. Rfd1 Rc8 15. Rac1 Qe7 16. h3 Rfd8 17. Bb5 Qd6 18. e5 Qe7 19. Ng5 Nb4 20. a4 Nd5 21. Qg3 Rxc1 22. Rxc1 Nc7 23. Bd3 h6 24. Be4 Qxg5 25. Qxg5 hxg5 26. Bxb7 Nd5 27. Kf1 Ne7 28. Rc7 Nf5 29. Be4 Nxd4 30. Rxa7 Nb3 31. Ke2 g6 32. Ke3 Nc5 33. Bc2 Rd5 34. Ra8+ Kg7 35. Rb8 Rxe5+ 36. Kd2 Ne4+ 37. Kc1 Nxf2 38. Rxb6 g4 39. hxg4 Nxg4 40. Kd2 Rd5+ 41. Kc3 Rc5+ 42. Kb3 Ne3 43. Be4 Nc4 44. Rc6 Rxc6 45. Bxc6 Na5+ 46. Kb4 Nxc6+ 47. Kc5 e5 0-1

[Event "SWE-chT 0708"]
[Site "Sweden"]
[Date "2007.10.19"]
[Round "1"]
[White "Svensson, Sven"]
[Black "Ernst, Thomas"]
[Result "1/2-1/2"]
[WhiteElo "2273"]
[BlackElo "2530"]
[PlyCount "101"]
[EventDate "2007.10.19"]
[EventType "team"]
[EventRounds "11"]
[EventCountry "SWE"]
[SourceTitle "EXT 2009"]
[Source "ChessBase"]
[SourceDate "2008.11.26"]
[SourceVersion "1"]
[SourceVersionDate "2008.11.26"]
[SourceQuality "1"]
[WhiteTeam "Skara"]
[BlackTeam "Sollentuna"]
[WhiteTeamCountry "SWE"]
[BlackTeamCountry "SWE"]

1. d4 Nf6 2. c4 g6 3. Nc3 Bg7 4. Bg5 0-0 5. Nf3 d6 6. e3 Nbd7 7. Qc2 e5 8. Be2 Re8 9. dxe5 dxe5 10. Rd1 h6 11. Bh4 c6 12. 0-0 Qe7 13. Nd2 a5 14. Nde4 g5 15. Nxf6+ Nxf6 16. Bg3 Bd7 17. Na4 Rad8 18. Nb6 Bg4 19. Bxg4 Nxg4 20. h3 Nf6 21. a3 Rxd1 22. Rxd1 Rd8 23. f3 e4 24. Rxd8+ Qxd8 25. c5 exf3 26. gxf3 Nd5 27. Nc4 Qd7 28. Kh2 f5 29. Qd3 Qe6 30. b3 Bf8 31. e4 fxe4 32. Qxe4 Qxe4 33. fxe4 Nc3 34. Nxa5 Bxc5 35. b4 Be3 36. Nxb7 Bc1 37. Na5 Bxa3 38. Nxc6 Nxe4 39. Be1 Kf7 40. Kg2 Ke6 41. Kf3 Nf6 42. Nd4+ Kd5 43. Nc2 Bc1 44. Bc3 Ne4 45. Bg7 h5 46. b5 g4+ 47. hxg4 hxg4+ 48. Kxg4 Nd6 49. b6 Kc6 50. Bd4 Bd2 51. Ne3 1/2-1/2

[Event "SWE-chT 0506"]
[Site "Sweden"]
[Date "2005.??.??"]
[Round "2"]
[White "Pousette, Gunnar"]
[Black "Svensson, Sven"]
[Result "0-1"]
[WhiteElo "2163"]
[BlackElo "2263"]
[PlyCount "80"]
[EventDate "2005.10.??"]
[EventType "team"]
[EventRounds "11"]
[EventCountry "SWE"]
[SourceTitle "EXT 2008"]
[Source "ChessBase"]
[SourceDate "2007.11.25"]
[SourceVersion "1"]
[SourceVersionDate "2007.11.25"]
[SourceQuality "1"]
[WhiteTeam "Lulea"]
[BlackTeam "Skara"]
[WhiteTeamCountry "SWE"]
[BlackTeamCountry "SWE"]

1. c4 Nf6 2. Nc3 c5 3. Nf3 d5 4. cxd5 Nxd5 5. g3 e6 6. Bg2 Be7 7. 0-0 0-0 8. d4 Nc6 9. e4 Nxc3 10. bxc3 cxd4 11. cxd4 b6 12. Qa4 Bd7 13. Qb3 Na5 14. Qd3 a6 15. Qb1 Bb5 16. Re1 Rc8 17. d5 exd5 18. exd5 Bf6 19. Ne5 Nc4 20. Bb2 Nxb2 21. Qxb2 Qd6 22. Rad1 Rfe8 23. f4 Bd7 24. Rd2 Bb5 25. Qd4 Rc4 26. Qe3 Rc7 27. Qd4 Rce7 28. a4 Bd7 29. Rde2 b5 30. axb5 Bxb5 31. Re3 g6 32. h3 h5 33. Kh2 h4 34. gxh4 Bxh4 35. Rg1 Bf2 36. Be4 Bxe3 37. Qxe3 Rxe5 38. fxe5 Qxe5+ 39. Rg3 Qxe4 40. Qg5 Re5 0-1

[Event "SWE-chT 0102"]
[Site "Sweden"]
[Date "2002.03.02"]
[Round "8"]
[White "Renman, Nils Gustaf"]
[Black "Svensson, Sven"]
[Result "1/2-1/2"]
[WhiteElo "2388"]
[BlackElo "2275"]
[PlyCount "62"]
[EventDate "2001.10.12"]
[EventType "team"]
[EventRounds "11"]
[EventCountry "SWE"]
[SourceTitle "EXT 2003"]
[Source "ChessBase"]
[SourceDate "2002.11.25"]
[SourceVersion "1"]
[SourceVersionDate "2002.11.25"]
[SourceQuality "1"]
[WhiteTeam "Norrkoping Schack 08"]
[BlackTeam "Skara"]
[WhiteTeamCountry "SWE"]
[BlackTeamCountry "SWE"]

1. d4 Nf6 2. Nf3 e6 3. c4 Bb4+ 4. Bd2 Qe7 5. g3 Nc6 6. Bg2 Bxd2+ 7. Nbxd2 d6 8. 0-0 a5 9. e4 e5 10. d5 Nb8 11. b3 Na6 12. a3 0-0 13. b4 axb4 14. axb4 Bd7 15. Qb3 c6 16. Rfe1 c5 17. b5 Nb4 18. h3 Rfb8 19. Ra4 Qd8 20. Rea1 Ne8 21. Ne1 Nc7 22. Nc2 Rxa4 23. Rxa4 Nxc2 24. Qxc2 Ra8 25. Kh2 Rxa4 26. Qxa4 Qa8 27. Qxa8+ Nxa8 28. h4 Nb6 29. Bh3 Bxh3 30. Kxh3 f6 31. Kg4 Kf7 1/2-1/2

[Event "SWE-chT 0102"]
[Site "Sweden"]
[Date "2001.12.08"]
[Round "5"]
[White "Svensson, Sven"]
[Black "Borvander, Tom"]
[Result "1/2-1/2"]
[WhiteElo "2275"]
[BlackElo "2224"]
[PlyCount "38"]
[EventDate "2001.10.12"]
[EventType "team"]
[EventRounds "11"]
[EventCountry "SWE"]
[SourceTitle "EXT 2003"]
[Source "ChessBase"]
[SourceDate "2002.11.25"]
[SourceVersion "1"]
[SourceVersionDate "2002.11.25"]
[SourceQuality "1"]
[WhiteTeam "Skara"]
[BlackTeam "Kamraterna"]
[WhiteTeamCountry "SWE"]
[BlackTeamCountry "SWE"]

1. d4 Nf6 2. c4 g6 3. Nc3 Bg7 4. Nf3 0-0 5. g3 d5 6. Bg2 dxc4 7. Ne5 c5 8. dxc5 Qc7 9. Nxc4 Qxc5 10. Nd2 Nc6 11. 0-0 Bg4 12. Qa4 Rad8 13. Nde4 Nxe4 14. Nxe4 Qd4 15. Qb5 Qb4 16. Nf6+ Bxf6 17. Bxc6 Qxb5 18. Bxb5 Bf5 19. Bh6 Bg7 1/2-1/2

[Event "SWE-chT 0102"]
[Site "Sweden"]
[Date "2001.10.14"]
[Round "3"]
[White "Bergstrom, Peter"]
[Black "Svensson, Sven"]
[Result "1-0"]
[WhiteElo "2332"]
[BlackElo "2275"]
[PlyCount "139"]
[EventDate "2001.10.12"]
[EventType "team"]
[EventRounds "11"]
[EventCountry "SWE"]
[SourceTitle "EXT 2003"]
[Source "ChessBase"]
[SourceDate "2002.11.25"]
[SourceVersion "1"]
[SourceVersionDate "2002.11.25"]
[SourceQuality "1"]
[WhiteTeam "Sollentuna"]
[BlackTeam "Skara"]
[WhiteTeamCountry "SWE"]
[BlackTeamCountry "SWE"]

1. e4 e5 2. Nf3 Nc6 3. d4 exd4 4. Nxd4 Nf6 5. Nxc6 bxc6 6. e5 Qe7 7. Qe2 Nd5 8. c4 Nb6 9. Nd2 a5 10. g3 Qe6 11. b3 d5 12. exd6 cxd6 13. Bb2 f6 14. Bg2 Qxe2+ 15. Kxe2 Bg4+ 16. f3 Bf5 17. Bd4 Rb8 18. f4 Kd7 19. h3 h5 20. Bf3 Kc7 21. Rac1 Nd7 22. Bc3 Ra8 23. g4 hxg4 24. hxg4 Rxh1 25. Rxh1 Bg6 26. Rh8 Kb6 27. Be4 Bf7 28. Bf5 Nc5 29. Bd4 Re8+ 30. Kf3 d5 31. a3 Kc7 32. Rxf8 Rxf8 33. Bxc5 Rh8 34. Be3 Rh3+ 35. Ke2 Rh2+ 36. Bf2 Rh1 37. cxd5 Bxd5 38. a4 Rh2 39. Nc4 Bxc4+ 40. bxc4 Rh1 41. c5 Rc1 42. Bd3 Ra1 43. Bc2 Ra2 44. Kd2 Ra3 45. Bd4 Rg3 46. Bd1 Kd7 47. Be3 Rh3 48. Bc2 Ke6 49. Bf5+ Ke7 50. Be4 Kd7 51. g5 Rh2+ 52. Kc3 Re2 53. Bf5+ Kc7 54. Bd2 Rg2 55. Kc2 Rf2 56. Be4 Kd7 57. Kd1 Rf1+ 58. Ke2 Ra1 59. Bc2 Ke6 60. Bxa5 Kd5 61. gxf6 gxf6 62. Bc3 Rh1 63. Bxf6 Rh2+ 64. Kd1 Rf2 65. f5 Kxc5 66. Be7+ Kc4 67. f6 Kc3 68. Bg6 c5 69. a5 c4 70. f7 1-0

[Event "SWE-chT 0001"]
[Site "Sweden"]
[Date "2000.10.15"]
[Round "3"]
[White "Ong, Kevin"]
[Black "Svensson, Sven"]
[Result "1-0"]
[WhiteElo "1958"]
[BlackElo "2287"]
[PlyCount "75"]
[EventDate "2000.10.13"]
[EventType "team"]
[EventRounds "11"]
[EventCountry "SWE"]
[SourceTitle "EXT 2006"]
[Source "ChessBase"]
[SourceDate "2005.11.24"]
[SourceVersion "1"]
[SourceVersionDate "2005.11.24"]
[SourceQuality "1"]
[WhiteTeam "Farsta"]
[BlackTeam "Skara"]
[WhiteTeamCountry "SWE"]
[BlackTeamCountry "SWE"]

1. e4 e5 2. Nf3 Nc6 3. Bb5 a6 4. Ba4 Nf6 5. 0-0 b5 6. Bb3 Bb7 7. Re1 Bc5 8. c3 d6 9. d4 Bb6 10. a4 0-0 11. Bg5 h6 12. Bh4 Qe7 13. Qd3 Rfb8 14. Nbd2 Na5 15. Bc2 Bc6 16. b4 Nb7 17. a5 Ba7 18. Nf1 Bd7 19. Ne3 c6 20. Bxf6 Qxf6 21. dxe5 Qg6 22. exd6 Re8 23. e5 Qxd3 24. Bxd3 g6 25. Rac1 Kg7 26. c4 Bxe3 27. Rxe3 Nd8 28. cxb5 axb5 29. Nd4 Rc8 30. f4 Nb7 31. Be4 f5 32. Bxc6 Nxd6 33. Rec3 Bxc6 34. exd6 Bd7 35. Rxc8 Rxc8 36. Rxc8 Bxc8 37. a6 Kf7 38. d7 1-0